000
00214 a2200097 4500
001
31450
100
_a
Derfler, Frank
245
_a
Practical Network Cabling
260
_a
New Delhi
_b
PHI
_c
090
_c
21334
_d
21334
942
_a
NUST-CAE
_c
M
_c
12597
999
_c
266523
_d
266523